(KHMER) The story of red-headed dove / (Record no. 50150)
| 000 -LEADER | |
|---|---|
| fixed length control field | 00300nam a2200109 4500 |
| 020 ## - INTERNATIONAL STANDARD BOOK NUMBER | |
| International Standard Book Number | 9789995054229 |
| 100 ## - MAIN ENTRY--PERSONAL NAME | |
| Personal name | Calin, Isabelle |
| 9 (RLIN) | 87184 |
| 245 ## - TITLE STATEMENT | |
| Title | (KHMER) The story of red-headed dove / |
| Statement of responsibility, etc | Isabelle Calin |
| 260 ## - PUBLICATION, DISTRIBUTION, ETC. (IMPRINT) | |
| Place of publication, distribution, etc | Cambodia |
| Name of publisher, distributor, etc | Sipar |
| Date of publication, distribution, etc | 2022 |
| 300 ## - PHYSICAL DESCRIPTION | |
| Extent | 32 p. |
| Other physical details | col. ill. |
| Dimensions | 24 cm. |
| 942 ## - ADDED ENTRY ELEMENTS (KOHA) | |
| Source of classification or shelving scheme | |
| Koha item type | Book |
| Withdrawn status | Lost status | Source of classification or shelving scheme | Damaged status | Not for loan | Collection code | Home library | Current library | Shelving location | Date acquired | Total Checkouts | Full call number | Barcode | Date last seen | Date checked out | Price effective from | Koha item type |
|---|---|---|---|---|---|---|---|---|---|---|---|---|---|---|---|---|
| Siem Riep | Asian Hope Siem Reap | Asian Hope Siem Reap | SECONDARY | 02/05/2026 | 1 | KHMER E CAL | 209765 | 04/30/2026 | 04/23/2026 | 02/05/2026 | Book |